00325nam a2200121Ia 4500008004100000020002200041041000800063082002400071100001800095245004500113260003600158300000900194230411s9999 xx 000 0 und d a978-81-8448-697-1 aeng aOG/618.2/JAC/B05734 aJacob Annamma aMaternal and Neonatal Nursing Care Plans bJaypee BrothersaSt Louisc2009 a456P